000 01113nam a22002057a 4500
999 _c62022
_d62022
003 Ge_BSU
005 20240624160613.0
008 240624s1967 ge ||||| |||| 00| 0 geo d
041 _ageo
080 _a615.15(479.22) ჩ-96
100 _aჩხატარაშვილი, ლევან
_922554
245 _aიოველ გრიგოლის ძე ქუთათელაძე :
_b[ქიმიკოს-ფარმაკოლოგი. ცხოვრება და მოღვაწეობა] /
_cლევან ჩხატარაშვილი; რედ. პ. გელბახიანი.
264 _aთბ. :
_b საბჭ. საქართველო,
_c1967.
300 _a133 გვ. :
_bილ. 1 ფ. პორტრ. ;
_c20 სმ.
653 _aქუთათელაძე, ი.
653 _aქართველი ქიმიკოს-ფარმაცევტები
653 _aფარმაცევტული ქიმია
700 _aგელბახიანი, პ.
_eრედაქტორი
_922358
942 _2udc
_cBK